H. 178, 179 : Bericht uber die im Auftrage des Vereines deutscher Ingenieure im Koniglichen Materialprufungsamt ausgefuhrten Versuche mit Rollenlagern; Forschungsarbeiten auf dem Gebiete des Ingenieurwesens

Λεπτομέρειες βιβλιογραφικής εγγραφής
Parent link:Forschungsarbeiten auf dem Gebiete des Ingenieurwesens: herausgegeben vom Verein deutscher Ingenieure/ Schriftleitung : D. Meyer, M. Seyffert. H. 178, 179 : Bericht uber die im Auftrage des Vereines deutscher Ingenieure im Koniglichen Materialprufungsamt ausgefuhrten Versuche mit Rollenlagern.— , [1903-1921]
Άλλοι συγγραφείς: Stamer (прочие)
Γλώσσα:Γερμανικά
Έκδοση: 1915
Θέματα:
Μορφή: MixedMaterials Βιβλίο
KOHA link:https://koha.lib.tpu.ru/cgi-bin/koha/opac-detail.pl?biblionumber=360154

MARC

LEADER 00000nam2a2200000 4500
001 360154
005 20231102011246.0
035 |a (RuTPU)RU\TPU\retro\17462 
035 |a RU\TPU\retro\17461 
090 |a 360154 
100 |a 20210312d1915 km y0gery50 ba 
101 0 |a ger 
102 |a DE 
105 |a a z 000zy 
200 0 |a H. 178, 179 : Bericht uber die im Auftrage des Vereines deutscher Ingenieure im Koniglichen Materialprufungsamt ausgefuhrten Versuche mit Rollenlagern  |f Stamer 
210 |d 1915 
215 |a 71 s.  |c il. 
317 |5 63413507: 31//421  |a Поступил в НТБ в период с 1915 по 1925 гг. в дар от профессора И. И. Бобарыкова 
461 1 |0 (RuTPU)RU\TPU\retro\17459  |t Forschungsarbeiten auf dem Gebiete des Ingenieurwesens  |o herausgegeben vom Verein deutscher Ingenieure  |f Schriftleitung : D. Meyer, M. Seyffert  |v H. 178, 179 : Bericht uber die im Auftrage des Vereines deutscher Ingenieure im Koniglichen Materialprufungsamt ausgefuhrten Versuche mit Rollenlagern  |d [1903-1921] 
541 1 |a Доклад об испытаниях подшипников качения, проведенных по заказу Ассоциации немецких инженеров в Королевском бюро испытаний материалов  |z ger 
606 1 |a Подшипники качения  |x Испытание  |2 stltpush  |3 (RuTPU)RU\TPU\subj\49726  |9 68490 
610 1 |a Коллекция И. И. Бобарыкова 
610 1 |a испытательное оборудование 
610 1 |a подшипники качения 
610 1 |a испытательная техника 
610 1 |a нагрузочные характеристики 
610 1 |a температурные показатели 
610 1 |a ресурсные испытания 
610 1 |a контрольные испытания 
610 1 |a специальные испытания 
610 1 |a уровень качества 
610 1 |a нагрузки 
610 1 |a эксплуатационные параметры 
610 1 |a испытательные машины 
610 1 |a испытательные стенды 
610 1 |a подшипниковые узлы 
610 1 |a электробезопасность 
610 1 |a вращение 
610 1 |a шумовой режим 
610 1 |a ходовые качества 
610 1 |a тестирование 
610 1 |a немецкий язык 
675 |a 621.822.6.001  |v 3 
702 1 |a Stamer  |4 570 
801 1 |a RU  |b 63413507  |c 20210312 
801 2 |a RU  |b 63413507  |c 20220818  |g RCR 
942 |c BK